| 000 | 01058nam a22003017a 4500 | ||
|---|---|---|---|
| 003 | CHAP | ||
| 005 | 20220817044454.0 | ||
| 008 | 110818s1972 mx a r 00010 spa d | ||
| 010 | _a101885 | ||
| 011 | _a102857 | ||
| 035 | _a113546 | ||
| 040 | _cCHAP | ||
| 082 | 0 | 4 |
_a338.9 _bV71 |
| 100 | 0 | 0 |
_aVillarreal Guerra, Américo. _9119620 |
| 245 | 1 | 0 |
_aActas de comite técnico y de distribución de fondos celebradas bajo la dirección del Dr. Ricardo Carrillo Arronte _c/por Americo Villarreal Guerra |
| 260 |
_aMéxico : _bPlan Lerma asistencia técnica, _c1972 |
||
| 300 |
_a[300 p. en varias paginaciones] : _bilus. |
||
| 590 |
_aBATCH-UPD _b10 _c20130110 _lUCH01 _h0941 |
||
| 590 |
_aBATCH-UPD _b10 _c20130410 _lUCH01 _h0557 |
||
| 590 |
_aBATCH-UPD _b10 _c20130914 _lUCH01 _h0506 |
||
| 590 |
_aCONVERSION _b10 _c20130109 _lUCH01 _h1356 |
||
| 650 | 0 | 4 |
_aAyuda técnica. _99035 |
| 650 | 0 | 4 | _aDesarrollo económico. |
| 650 | 0 | 4 |
_aPlan Lerma. _988666 |
| 901 | _aBK | ||
| 942 | _cLIBRO | ||
| 949 |
_a338.9 V71 _bBC _cLIBRO _d33724002304413 _eLIBRO _h115647 _i113546 _sb |
||
| 999 |
_c101885 _d101885 |
||